01960nam a2200289 u 4500001000800000005001700008007001000025008004100035035001200076040001300088041000800101050000700109100005200116245009400168260003500262300001300297520095500310650004501265650002501310650006501335700004601400942001001446999001901456502001201475526000801487952017501495129870220260508075425.0co|||||||120921s2011 spa  a1298702 ccomduadb aspa 4aGV10aGómez Zapata, Juan Fernando4auteaut967872913aEl voluntariado en la Copa Mundial de Fútbol FIFA, categoría Sub-20, Medellín, 2011 aMedellín :bAutor(a),c2011. a1 CD-ROM3 aSe documenta la experiencia vivida como voluntario en la Copa Mundial de Fútbol FIFA, Medellín 2011, categoría sub-20. En dicha experiencia se participó en el área técnica y se compartió con los jugadores y técnicos de las Selecciones de Argentina y México. La documentación se realiza en cinco fases: Identificación de la experiencia; fundamentación teórica, conceptual y legal del voluntariado; diseño metodológico; tratamiento de la información, conclusiones y recomendaciones. En la valoración obtenida de la labor realizado por los voluntarios se pudo obtener testimonios y declaraciones de ellos, de los técnicos de las delegaciones y de los deportistas participantes. En general se valoró como muy productiva y oportuna la labor adelantada por el grupo de voluntarios en Medellín. La documentación gráfica ayuda a tener una mejor comprensión de las acciones adelantadas y de los logros alcanzados. 7aAdministración deportiva2lemb9163000 aVoluntariado9133651 aCampeonato Mundial de Fútbol Sub20 - Colombia 2011919823910aOntibón Torres, Julio4thseths9640176 cTESIS c636739d636739 b308c24 a310 001040708AUDIOVISUAaEDUFIbEDUFId2012-09-21eMaterial adquirido por donacióniC1157305l0oGV343.5 G6v CD-ROMp0746730r2023-05-02 00:00:00t1w2023-05-02yDIGITAL